000 00338nam a22001337a 4500
005 20180301111217.0
008 170613b xxu||||| |||| 00| 0 eng d
040 _cPK-LaUMT
082 _aZIAC 297.05
_bHAM-
245 _aHamdard Islamicus/
260 _aKarachi:
_bThe Hamdard National Foundation,
_c1979
300 _a109 p.
942 _cBK
999 _c94609
_d94609